000 00775cam a2200217 i 4500
005 20260203100628.0
008 250721s2007 jo gr 000 0 ara d
020 _a9957063669
082 1 4 _a378.03
_bم د ن
100 1 _aمدني، محمد عطا
_eمؤلف.
245 1 2 _aالتعلم من بعد :
_bأهدافه وأسسه وتطبيقاته العملية /
_cالدكتور محمد عطا مدني.
250 _aالطبعة الأولى.
264 3 1 _aعمان :
_bدار المسيرة للنشر والتوزيع،
_c2007.
300 _a247 صفحة.
650 1 7 _aالتعلم من بعد.
650 1 7 _aالتعلم.
650 1 7 _aطرق التعلم.
650 1 7 _aالتربيه.
942 _2ddc
_cBK
999 _c111908
_d111908